000 00326nam a2200121Ia 4500
005 20251222144802.0
008 251222s9999||||xx |||||||||||||| ||spa||
082 _a301.244/Q25
100 _aQuedena, Enrique
245 0 _aPlanificando el Desarrollo:
264 _bCentro de Estudios y Promoción del Desarrollo
942 _cLIB
999 _c19781
_d19781